| 000 | 00582nam a22001937a 4500 | ||
|---|---|---|---|
| 003 | DO-SdBNP | ||
| 005 | 20171127150538.0 | ||
| 008 | 171127b 1995 a xxu ||||| |||| 00| 0 spa d | ||
| 020 | _a0842339760 | ||
| 040 |
_aBPMSU _bspa _cBPMSU |
||
| 092 |
_axxxx _bxxxx |
||
| 100 | 1 | _aRivers, Francine | |
| 245 | 1 | 0 |
_aAs sure as the dawn / _cFrancine Rivers. |
| 260 |
_aWheaton Ilinpis : _bTyndale House Publishers, _c1995. |
||
| 300 |
_a488 p. : _bil., mapas ; _c21 cm. |
||
| 942 |
_2ddc _cBK |
||
| 945 | _aInventariado 2017 /LP | ||
| 956 |
_aLOPEREZ _b10 _c20171127 _h0041 _iBPMSU |
||
| 999 |
_c13140 _d13140 |
||